Team roles at work
| Main Author: | |
|---|---|
| Format: | Book |
| Published: |
Oxford :
Butterworth-Heinamann Ltd. ,
1993
|
| Subjects: |
MARC
| LEADER | 00000cam a2200000 7i4500 | ||
|---|---|---|---|
| 001 | 0000009721 | ||
| 002 | 000010586 | ||
| 005 | 20011128.0 | ||
| 020 | |a 0750626755 | ||
| 090 | 0 | 0 | |a 658.4 |b BEL |
| 100 | 0 | |a Belbin, R.Meredith | |
| 245 | 1 | 0 | |a Team roles at work |c R.Meredith Belbin |
| 260 | |a Oxford : |b Butterworth-Heinamann Ltd. , |c 1993 | ||
| 300 | |a 141p. ; |c 23cm. | ||
| 650 | 0 | 0 | |a Teams in the workplace |
| 999 | |a 054355 |b BUKU |c PINJAMAN |e PERPUSTAKAAN KOMUNITI PETALING JAYA | ||
| 999 | |a 054356 |b BUKU |c PINJAMAN |e PERPUSTAKAAN KOMUNITI PETALING JAYA | ||